000 00611nam a2200229Ia 4500
003 OSt
005 20220918174056.0
006 a|||||r|||| 00| 0
007 ta
008 220917b |||||||| |||| 00| 0 eng d
024 _a10,337
037 _cTextual
040 _aARTS
_cARTS
_beng
041 _2eng
_aeng
082 _aR1, M4
100 _aKamlaj Wilhelm
_949041
245 0 _aLogic propaedeutic
_b preschool of reasobable discourse
260 _aLanham
_bUniv Press of America
_c1984
650 _aPHILOSOPHY
942 _hR1, M4
_cTEXL
_2CC
999 _c151711
_d151711